La Coyuntura y sus hechos: cronología, octubre 1992-marzo 1993 /
En esta cronología se presenta una selección de los que, a juicio de los autores, fueron los hechos más importantes en el período referido. Se resume información en los campos de la política interna, la evolución socio-económica, el sector público, las relaciones internacionales y sectores sociales...
Guardat en:
| Autor principal: | |
|---|---|
| Altres autors: | |
| Format: | Text |
| Idioma: | Spanish |
| Matèries: | |
| Etiquetes: |
Afegir etiqueta
Sense etiquetes, Sigues el primer a etiquetar aquest registre!
|
MARC
| LEADER | 00000 a a2200000 04500 | ||
|---|---|---|---|
| 001 | 4055 | ||
| 003 | cru CIDCACS/IIS | ||
| 005 | 20231121145249.0 | ||
| 008 | 231121b |||||||| |||| 00| 0 spa d | ||
| 040 | |c cru CIDCACS/IIS | ||
| 100 | 1 | |a González Oviedo, Mauricio | |
| 245 | 1 | 3 | |a La Coyuntura y sus hechos: |b cronología, octubre 1992-marzo 1993 / |c Mauricio González Oviedo ; Mario Piedra González |
| 500 | |a La información procesada se basa en los siguientes medios: La Nación, La República, La Prensa Libre, Esta Semana | ||
| 500 | |a Colección Centroamérica | ||
| 520 | |a En esta cronología se presenta una selección de los que, a juicio de los autores, fueron los hechos más importantes en el período referido. Se resume información en los campos de la política interna, la evolución socio-económica, el sector público, las relaciones internacionales y sectores sociales y grupos de presíon, procesada de manera tal que el usuario cuente con información debidamente sistematizada y, a la vez, tenga una base sólida para elaborar sus propias conclusiones. Así, los temas que se tratan, en cada mes, son los siguientes: sistema financiero, apertura comercial e integración regional, conflictos laborales y grupos de presión, PAE III, condiciones sociales y ambientales, elecciones y partidos políticos y otros temas (algunos meses). MB/MR | ||
| 650 | |a CRONOLOGIA | ||
| 650 | |a NOTICIAS DE PRENSA | ||
| 650 | |a MERCADO FINANCIERO | ||
| 650 | |a LIBERALIZACION DEL INTERCAMBIO | ||
| 650 | |a INTEGRACION REGIONAL | ||
| 650 | |a GRUPOS DE INTERESES | ||
| 650 | |a CONDICIONES SOCIALES | ||
| 650 | |a CALIDAD AMBIENTAL | ||
| 650 | |a ELECCIONES | ||
| 650 | |a PARTIDOS POLITICOS | ||
| 700 | |a Piedra González, Mario | ||
| 773 | |g volumen 11, número 2; páginas 115-133 | ||
| 773 | 0 | |0 19245 |9 10009 |a Centro de Estudios para la Acción Social |d San José, Costa Rica: CEPAS |o 04625 |t Costa Rica: | |
| 942 | |2 ddc |c PP | ||
| 999 | |c 32635 |d 32635 | ||
